| 000 | 00368 a2200133 4500 | ||
|---|---|---|---|
| 020 | _a9971513552 | ||
| 082 | _a620.106 FOX | ||
| 100 | _aFox, R. W. | ||
| 245 |
_aIntroduction to fluid mechanics / _cR. W. Fox, A. T. McDonald |
||
| 250 | _a5th ed. | ||
| 260 |
_aNew York : _bJohn Wiley & Sons, _c2004 |
||
| 300 |
_axiv, 762p. : _bill. ; _c24 cm. |
||
| 650 | _aFluid mechanics | ||
| 999 |
_c51 _d51 |
||